000 00519nam a2200157 i 4500
001 51081
003 ES-MaACL
005 20230906162308.0
007 t|
008 030808s1973 mx ||||1| spa d
100 1 _aCustodio, Alvaro.
_942279
245 1 3 _aEl patio de Monipodio
_b: Mojiganga en dos actos basada en Don Miguel de Cervantes Saavedra /
_cAlvaro Custodio.
260 _aMéxico, D.F. :
_bTeatro Clásico de México,
_c[1973]
300 _a166 p., 2 lám. ;
_c19 cm.
852 _aES-MaACL
_jC-56399
_bR.89155
999 _c51081
_d51081